| 000 | 00777nam a2200205 a 4500 | ||
|---|---|---|---|
| 003 | 0 | ||
| 005 | 20250319091134.0 | ||
| 008 | 071127s19uu xx 00 eng d | ||
| 050 |
_aPGS LB 1062.6.S78 _b.C112 2007 |
||
| 100 | _aCabalag, Lady Leanne V. | ||
| 245 |
_aRelationship between length of time spent in studying and academic performance of grade 6 students / _cLady Leanne V. Cabalag. |
||
| 260 |
_aLas PiƱas City, Philippines : _bSouthville International School and Colleges, _c2007. |
||
| 300 |
_a49 pages : _billustrations ; _c28 cm. |
||
| 504 | _aIncludes bibliographic references. | ||
| 650 | _aStudy skills. | ||
| 650 | _aAcademic achievement. | ||
| 650 | _aTime management in education. | ||
| 650 |
_aStudents _vTime management. |
||
| 942 |
_2lcc _cPASS |
||
| 999 |
_c97690 _d97690 |
||